000 01039nam a2200337 i 4500
001 000014413
003 DO-SdBNP
005 20240619103136.0
007 ta
008 091212s2001 sp 000 f spa d
020 _a8495501465
040 _aDO-SdBNP
_bspa
_cBNPHU
_erda
041 1 7 _aspa
_heng
082 4 _a813.5
_bB812d, 2001
_222
100 1 _aBrady, Joan,
_d1939-
_932520
_eautor
240 1 0 _aGod on a harley.
_lEspañol
245 1 0 _aDios vuelve en una harley /
_cJoan Brady ; traducción, Rosa Arruti.
250 _anovena edición
264 _aMadrid :
_bSuma de Letras,
_c2001.
300 _a172 páginas ;
_c18 cm.
336 _2rdacontent
_atexto
_btxt
337 _2rdamedia
_asin mediación
_bn
338 _2rdacarrier
_avolumen
_bnc
490 _aPunto de lectura
_v52
534 _pTítulo original en inglés:
_tGod on a harley
_c1995
650 4 _aNovela estadounidense
_9262
650 4 _aLiteratura estadounidense
_9263
700 1 _aArruti, Rosa,
_etraducción
_932521
910 _aWM
942 _2ddc
_cLBS1
999 _c14004
_d14004